000 00407nam a2200157Ia 4500
003 IQ-KOUCL
041 _aArabic
082 _a796.4 cut-96 ك
100 _a20260118u\\\\\\\\\\\y0engy0103\\\\ba
100 _aیەحیا نامیق
245 0 _aڕاهێنانى تۆپى پێى لاوان
250 _aط1
260 _bجابخانەی مێخەک
_aتاهران
_c2022
300 _a131
942 _cBk
999 _c186911
_d186911